| 000 | 00992nam a22002417a 4500 | ||
|---|---|---|---|
| 005 | 20100816134353.0 | ||
| 010 | _aHIN-90172 | ||
| 020 |
_a8189576062 _c150.00 |
||
| 035 | _aHN-62518 | ||
| 037 | _bDBAD / PUB | ||
| 082 | _a301.153 | ||
| 100 |
_aगाँधी, महात्मा _913945 |
||
| 245 |
_aमेरे सपनों का भारत / _cमहात्मा गाँधी |
||
| 246 |
_aMere Sapnon Ka Bharat _bby Mahatama Gandhi |
||
| 260 |
_aहापुड़ _bकल्पतरु प्रकाशन _c2010 |
||
| 270 |
_aरेवती कुंज _bहापुड़ _e245101 |
||
| 300 |
_a112पृ _c22सेमी (सजिल्द) |
||
| 700 | _97228 | ||
| 700 | _97267 | ||
| 700 | _97698 | ||
| 942 |
_adpl _cHN _k _2ddc _mगाँधीम _h301.153 |
||
| 999 |
_c42129 _d42129 |
||